Electromagnetic field matter interactions in thermoelasic solids and viscous fluids / (Record no. 29631)

000 -LEADER
fixed length control field 00740 a2200205 4500
020 ## - INTERNATIONAL STANDARD BOOK NUMBER
International Standard Book Number 3540372393
020 ## - INTERNATIONAL STANDARD BOOK NUMBER
International Standard Book Number 9783540372394
082 ## - DEWEY DECIMAL CLASSIFICATION NUMBER
Classification number 530.14
090 ## - LOCALLY ASSIGNED LC-TYPE CALL NUMBER (OCLC); LOCAL CALL NUMBER (RLIN)
-- 1012
-- 1012
100 1# - MAIN ENTRY--PERSONAL NAME
Personal name Hutter, Kolumban.
245 10 - TITLE STATEMENT
Title Electromagnetic field matter interactions in thermoelasic solids and viscous fluids /
Statement of responsibility, etc. Kolumban Hutter, Alfons A.F. Ven, Ana Ursescu.
260 ## - PUBLICATION, DISTRIBUTION, ETC.
Place of publication, distribution, etc. [S.l.] :
Name of publisher, distributor, etc. Springer,
Date of publication, distribution, etc. 2006.
300 ## - PHYSICAL DESCRIPTION
Extent 430 p. ;
Dimensions 24 cm.
490 1# - SERIES STATEMENT
Series statement Lecture notes in physics.
700 1# - ADDED ENTRY--PERSONAL NAME
Personal name Ven, Alfons A.F.
700 1# - ADDED ENTRY--PERSONAL NAME
Personal name Ursescu, Ana.
830 #0 - SERIES ADDED ENTRY--UNIFORM TITLE
Uniform title Lecture notes in physics.
942 ## - ADDED ENTRY ELEMENTS (KOHA)
Institution code [OBSOLETE] SNS
Koha item type Book
Call number prefix 530.14 HUT
Holdings
Withdrawn status Lost status Damaged status Not for loan Permanent Location Current Location Date acquired Total Checkouts Full call number Barcode Date last seen Price effective from Koha item type
        School of Natural Sciences (SNS) School of Natural Sciences (SNS) 05/26/2016   530.14 HUT SNS0001194 05/26/2016 05/26/2016 Book
© 2023 Central Library, National University of Sciences and Technology. All Rights Reserved.